| 000 | 00410nam a2200157 4500 | ||
|---|---|---|---|
| 001 | 131802 | ||
| 003 | ES-MaACL | ||
| 005 | 20230906194041.0 | ||
| 007 | t| | ||
| 008 | 070214s1920 fr r ||||1| fre d | ||
| 100 | 1 |
_aRoger, Georges Henri. _998929 |
|
| 245 | 1 | 3 |
_aLa medecine / _cGeorges Henri Roger. |
| 260 |
_aParis : _bMasson et Cie., _c1920. |
||
| 300 |
_a432 p. ; _c20 cm. |
||
| 852 |
_aES-MaACL _jB-11977 |
||
| 999 |
_c131802 _d131802 |
||